UK Town and City Trivia - Liverpool - Statistics

General Stats
  • This quiz has been taken 113 times
  • The average score is 11 of 15
Answer Stats
Hint Answer % Correct
The 'Fab Four' from Liverpool The Beatles
100%
Liverpool F.C.'s main local rival football team Everton
96%
River synonymous with Liverpool Mersey
96%
Home stadium of Liverpool F.C. Anfield
92%
Mythical creature, two of which appear in statue form on the Liver Building Liver {Bird}
88%
Regenerated waterfront area, now home to Liverpool's Maritime Museum Royal {Albert} Dock
86%
Underground music venue, which played host to the 'Fab Four' in their early days Cavern Club
79%
Liverpool's principal railway station {Lime} Street
79%
Early 20th century White Star liner with Liverpool registered as her home port, though events meant that she never had the opportunity to visit RMS Titanic
77%
Popular annual jump horse race held at Aintree Racecourse Grand National
73%
Central shopping, residential, and leisure complex Liverpool {ONE}
59%
British television soap opera, set in Liverpool, which ran from 1982 until 2003 Brookside
54%
Comedian and music hall entertainer from Knotty Ash Ken Dodd
53%
Place of worship which is the largest Catholic cathedral in England Metropolitan Cathedral
27%
Large museum holding extensive collections of archaeology and natural history {World} Museum
18%
No matching quizzes found
Score Distribution
Percent of People with Each Score
Percentile by Number Answered
Your Score History
You have not taken this quiz